000 00666nam a2200229 a 4500
001 12808
003 BD-JhCC
005 20230514200527.0
008 230514b19712016ii |||| ||a| 00| 0 ben d
020 _a9788170668879
035 _a(BD-JhCC)12808
040 _aBD-JhCC
_dBD-JhCC
041 _aBengali
082 _a891.443
_bRAY 2016
100 _aরায়, সত্যজিৎ
245 _aসোনার কেল্লা /
_cসত্যজিৎ রায়।
260 _aকলকতা:
_bআনন্দ পাবলিশার্স ;
_c২০১৬.
300 _a82 p. :
_c22 cm.
650 _aNovel
942 _2ddc
_cBK
999 _c12808
_d12808